Statistics for Duolingo languages for French speakers.

Click here to take the quiz!

General Stats

  • This quiz has been taken 58 times
  • The average score is 5 of 5

Answer Stats

HintAnswer% Correct
2.35MSpanish
100%
7.68MEnglish
98%
1.05MItalian
93%
871KGerman
91%
427KPortuguese
81%

Score Distribution

Percentile by Number Answered

Percent of People with Each Score

Your Score History

You have not taken this quiz